Регионална библиотека "Любен Каравелов" - Русе

Большой немецко-русский словарь (Запис номер 19172)

MARC детайли
000 -Лидер
Контролно поле с фиксирана дължина 01120nam a2200313 c 4500
003 - Код на организацията, давaща контролен номер
Контролно поле BLK
005 - Дата и час на последна редакция
Контролно поле 20210205095103.0
008 - Елементи от данни с фиксирана дължина
fixed length control field 180413b bul|||||r ||||||| ||bul||
010 ## - Наследен системен номер
LC control number KNG00021270000
040 ## - Източник на каталожния запис
Идентификатор на билиотеката - собственик на записа BLK
041 ## - Код за език
Код за езика на текст/звукозапис или на отделно заглавие Немски
Код за езика КДБФ Немски
Други езици Руски
080 ## - УДК
Текстов определител УДК Лексикология. Езикови речници и разговорници. Лексикография
УДК код - определител по УДК 81`374
УДК определител =112.2=161.1
УДК - код + определител 81`374=112.2=161.1
139 ## - Редно поле
Редна дума Большой немецко-русский словарь
Авторски знак Бол - Б 61
245 10 - Сведения за заглавието
Заглавие Большой немецко-русский словарь
Подзаглавни данни Т. 1 -
Том Т. 1
Заглавие на том А - К
246 11 - Различни форми на заглавието
Паралелно заглавие Das grosse deutsch-russische worterbuch
257 ## - Страна на издаване
Страна на създаване/издаване СССР
260 ## - Област на издателските данни
Име на издателя, разпространителя и проч. Сов. энцикл.
Година на издаване 1969 -
Място на издаване, разпространение и проч. Москва
300 ## - Физическа характеристика
Размери/Мащаб 26 см
380 ## - Жанр
Жанр Езикознание. Филология
650 #4 - Допълнително описание по предмет – тема
Основно описание – тема или топоним Речници, двуезични
9 (RLIN) 261427
653 ## - Ключова дума – ненормативна
Ключова дума речници
653 ## - Ключова дума – ненормативна
Ключова дума немско-руски речници
760 1# - Описание на основната серия
Място на издаване, издател и година 1969
Страници - том 760 с.
Заглавие Т. 1 А - К
852 ## - Местоположение
Форматна сигнатура Цб ІІ 3649
856 4# - Електронен адрес и достъп
Електронен формат pdf - файл
Път до файла /url/
856 4# - Електронен адрес и достъп
Електронен формат pdf - файл
Път до файла /url/
999 ## - СИСТЕМНИ КОНТРОЛНИ НОМЕРА
Koha biblionumber 19172
Koha biblioitemnumber 19172
942 ## - АРТИКУЛИ
Вид на библиотечния материал Книги
Скрит в OPAC Не
Периодичен библиозапис Да
944 ## - СЪЗДАВАНЕ И РЕДАКЦИЯ на ЗАПИСА
Създаване/Редакция Създаване
Дата на регистрацията/редакция 08.03.2011
Служител, извършил регистрацията/редакцията Елица_Владова
944 ## - СЪЗДАВАНЕ И РЕДАКЦИЯ на ЗАПИСА
Създаване/Редакция Редакция
Дата на регистрацията/редакция 08.03.2011
999 ## - СИСТЕМНИ КОНТРОЛНИ НОМЕРА
Koha biblioitemnumber 19172
Наличности
Код за отписване Код за изгубен артикул Източник на класификационната схема Код за повреда Коз за рестрикции Код за отдаване Артикулен № Име на библиотеката - собственик Име на библиотеката, в която се намира в момента Статус (Текущо местоположение) Дата на вписване в системата Местоположение - отдел Цена в лева Инвентарен номер Систематично азбучна сигнатура Баркод Номер на екземпляра Цена в евро Служебна бележка Служебен тип на артикула
Изтеглен Не е изгубен Universal Decimal Classification Не е повреден без рестрикции ползва се в читалня 31967 Регионална библиотека "Любен Каравелов" Русе Регионална библиотека "Любен Каравелов" Русе Заемна - справочен фонд 1969-01-01 Заемна - справочен фонд 4.00 629640 СП 801.323.2/Б 61 629640 2 2.05 Дост: Pk Вид: Ф N: стар фонд Дата: 01.01.1969 Дата инв: 16.02.2018 Бележки инв: СП2018 Книги
  Не е изгубен Universal Decimal Classification Не е повреден без рестрикции ползва се в читалня 32017 Регионална библиотека "Любен Каравелов" Русе Регионална библиотека "Любен Каравелов" Русе Хранилище 1969-01-01 Хранилище 4.44 58560 Цб ІІ 3649 120000058560 1 2.27 Дост: Pk Вид: Ф N: стар фонд Дата: 01.01.1969 Книги
Vip Innovations Ltd, Rousse, Bulgaria 2025